Państwo według wskazówki - Statystyki

Ogólne statystyki
  • Ten quiz został rozwiązany 29 razy
  • Średni wynik to 6 z 17
Statystyki odpowiedzi
Wskazówka Odpowiedź % Poprawnych
Z Holandią i Luksemburgiem tworzy tzw. Benelux Belgia
100%
Jedyny kraj azjatycki byłego ZSRR na litere "U" Uzbekistan
85%
Jest największym państwem w Afryce Algieria
75%
Zmienił nazwę swojej stolice na Astana Kazachstan
75%
Graniczy z Dominikaną Haiti
70%
Nazwa tego kraju pochodzi od hiszpańskiego słowa „baja mar”, oznaczających „płytkie morze” Bahamy
30%
Kraj ten jest trzecim największym producentem miedzi na świecie Chile
20%
Jedną z największych atrakcji turystycznych tego kraju jest cud natury – Morne Trois Haki Park Narodowy, wpisany na Listę Światowego Dziedzictwa UNESCO Dominika
20%
Najwyżej położonym miastem w kraju jest Moscopole Albania
15%
W tym kraju jest druga na świecie najwyższa umieralność na raka w Europie Czechy
15%
Domeną internetową jest .ls Lesotho
15%
Jako pierwszy kraj na świecie zalegalizował uprawianie, sprzedaż i zażywanie marihuany. Urugwaj
15%
Mezoamerykańska Rafa Koralowa to największa rafa koralowa w obu amerykach, która znajduje się w tym państwie Honduras
10%
Kraj ten wcześniej nazywał się Nyasaland Malawi
10%
Lecąc do tego karju można zobaczyć trzy wysepki, które swoim położeniem przypominają uśmiechniętą buzię Malezja
10%
Kapelusz „panama” pochodzi z tego kraju Ekwador
5%
Najsłynniejszy napój w tym kraju znany jest jako Mauby i wytwarzany jest z kory drzew Gujana
0%
Nie znaleziono quizów pasujących do podanych kryteriów
Rozkład punktacji
Procent ludzi z każdym wynikiem
Percentyl według liczby udzielonych odpowiedzi
Twoja historia wyników
Nie rozwiązałeś tego quizu